000 00302nam a2200121Ia 4500
008 231129s9999||||xx |||||||||||||| ||spa||
040 _bspa
082 _a620.1064 H893d
100 _aHughes William F.
245 0 _aDinamica de fluidos : teoria y problemas
264 _aMcGraw-Hill
942 _2ddc
_cBKS
999 _c9561
_d9561